<?xml version="1.0" encoding="UTF-8"?>
<record
    xmlns:xsi="http://www.w3.org/2001/XMLSchema-instance"
    xsi:schemaLocation="http://www.loc.gov/MARC21/slim http://www.loc.gov/standards/marcxml/schema/MARC21slim.xsd"
    xmlns="http://www.loc.gov/MARC21/slim">

  <leader>01523nam a2200253 a 4500</leader>
  <controlfield tag="001">BRCA_7515</controlfield>
  <controlfield tag="005">20190320205853.0</controlfield>
  <controlfield tag="008">090513m19441945sp-a###f##---#000-0#spa-#</controlfield>
  <datafield tag="041" ind1=" " ind2=" ">
    <subfield code="a">spa</subfield>
  </datafield>
  <datafield tag="044" ind1=" " ind2=" ">
    <subfield code="a">sp</subfield>
  </datafield>
  <datafield tag="050" ind1=" " ind2="4">
    <subfield code="a">Z240</subfield>
    <subfield code="b">.C65 1944</subfield>
  </datafield>
  <datafield tag="245" ind1="1" ind2="0">
    <subfield code="a">Colecci&#xF3;n de incunables americanos</subfield>
    <subfield code="b">Siglos XVI</subfield>
    <subfield code="c">introducci&#xF3;n por Ram&#xF3;n Men&#xE9;ndez Pidal.</subfield>
  </datafield>
  <datafield tag="260" ind1=" " ind2=" ">
    <subfield code="a">Madrid</subfield>
    <subfield code="b">Cultura Hisp&#xE1;nica</subfield>
    <subfield code="c">1944-1945</subfield>
  </datafield>
  <datafield tag="300" ind1=" " ind2=" ">
    <subfield code="a">11 v.</subfield>
    <subfield code="b">il.</subfield>
    <subfield code="c">26 cm.</subfield>
  </datafield>
  <datafield tag="500" ind1=" " ind2=" ">
    <subfield code="a">Once ejemplares diferentes inventariados por el Banco de M&#xE9;xico como un solo libro</subfield>
  </datafield>
  <datafield tag="500" ind1=" " ind2=" ">
    <subfield code="a">Obras editadas en facs&#xED;mil</subfield>
  </datafield>
  <datafield tag="500" ind1=" " ind2=" ">
    <subfield code="a">R57</subfield>
  </datafield>
  <datafield tag="505" ind1="0" ind2=" ">
    <subfield code="a">v.1 Introducci&#xF3;n / Ram&#xF3;n Men&#xE9;ndez Pidal.-- v.2 Dial&#xE9;ctica Resolutio Cum Texti Aristotelis / Alfonso Avera Cruce.-- v.3 Provisiones: C&#xE9;dulas instrucciones para el Gobierno de la Nueva Espa&#xF1;a / Vasco de Puga.-- v.4 Vocabulario en lengua Castellana y Mejicana / Fray Alonso de Molina.-- v.5 Ordenanzas y Compilaci&#xF3;n leyes / Antonio de Mendoza.-- v.6 Arte de la lengua Mexicana y Castellana / Fray Alonso de Molina.-- v.7 Di&#xE1;logos militares / Diego Garc&#xED;a de Palacio.-- v.8 Instrucci&#xF3;n N&#xE1;utica para navegar / Diego Garc&#xED;a de Palacio.-- v.9 Problemas y secretos maravillosos de las Indias / Juan de C&#xE1;rdenas.-- v.10 Tractado breve de medicina / Fray Agust&#xED;n Farf&#xE1;n.-- v.11 Arauco domado / Pedro de O&#xF1;a</subfield>
  </datafield>
  <datafield tag="650" ind1="1" ind2="4">
    <subfield code="a">Incunables</subfield>
    <subfield code="9">7417</subfield>
  </datafield>
  <datafield tag="650" ind1="1" ind2="4">
    <subfield code="a">Bibliograf&#xED;a</subfield>
    <subfield code="x">Primero libros impresos</subfield>
    <subfield code="y">Siglos XV-XVI</subfield>
    <subfield code="9">18533</subfield>
  </datafield>
  <datafield tag="700" ind1="1" ind2=" ">
    <subfield code="a">Menendez Pidal, Ram&#xF3;n</subfield>
    <subfield code="e">intr.</subfield>
    <subfield code="9">18534</subfield>
  </datafield>
  <datafield tag="902" ind1=" " ind2=" ">
    <subfield code="a">GFM</subfield>
  </datafield>
  <datafield tag="942" ind1=" " ind2=" ">
    <subfield code="2">lcc</subfield>
    <subfield code="c">B</subfield>
  </datafield>
  <datafield tag="999" ind1=" " ind2=" ">
    <subfield code="c">7189</subfield>
    <subfield code="d">7189</subfield>
  </datafield>
  <datafield tag="952" ind1=" " ind2=" ">
    <subfield code="0">0</subfield>
    <subfield code="1">0</subfield>
    <subfield code="4">0</subfield>
    <subfield code="7">0</subfield>
    <subfield code="a">BRCA</subfield>
    <subfield code="b">BRCA</subfield>
    <subfield code="d">2013-05-09</subfield>
    <subfield code="i">R57</subfield>
    <subfield code="l">0</subfield>
    <subfield code="o">Z240 .C65 1944 (R57)</subfield>
    <subfield code="p">8120</subfield>
    <subfield code="r">2019-03-22 00:00:00</subfield>
    <subfield code="w">2019-03-22</subfield>
    <subfield code="y">B</subfield>
  </datafield>
</record>
